[Event "DEM U18w 2021"]
[Site "Willingen GER"]
[Date "2021.08.26"]
[Round "6"]
[White "Bui, Ngoc Han Julia"]
[Black "Bardorz, Jana"]
[Result "1/2-1/2"]
[Termination "normal"]
[Board "4"]
[WhiteElo "1891"]
[BlackElo "1883"]
[WhiteClock "00:25:38"]
[BlackClock "00:02:20"]
[PlyCount "91"]
[WhiteFideId "12977055"]
[BlackFideId "16208897"]
[EventCountry "GER"]
[EventRounds "9"]
[EventType "swiss"]
[EventDate "2021.08.22"]

1. e4 {[%clk 1:30:58]} e5 {[%clk 1:30:54]} 2. Nf3 {[%clk 1:31:21]} Nc6 {[%clk
1:31:17]} 3. Nc3 {[%clk 1:31:45]} Nf6 {[%clk 1:31:33]} 4. a3 {[%clk 1:32:04]}
g6 {[%clk 1:29:37]} 5. d4 {[%clk 1:29:33]} exd4 {[%clk 1:27:23]} 6. Nxd4 {[%clk
1:29:57]} d6 {[%clk 1:23:57]} 7. Nxc6 {[%clk 1:27:48]} bxc6 {[%clk 1:24:21]} 8.
Bc4 {[%clk 1:24:39]} Bg7 {[%clk 1:20:54]} 9. O-O {[%clk 1:22:46]} O-O {[%clk
1:19:19]} 10. Bg5 {[%clk 1:16:11]} h6 {[%clk 1:18:47]} 11. Bh4 {[%clk 1:13:25]}
Re8 {[%clk 1:14:21]} 12. Re1 {[%clk 1:10:41]} Be6 {[%clk 1:08:07]} 13. Bxe6
{[%clk 1:07:56]} Rxe6 {[%clk 1:07:56]} 14. f4 {[%clk 1:03:27]} Qe8 {[%clk
1:06:00]} 15. Qf3 {[%clk 1:01:34]} Nd7 {[%clk 0:59:14]} 16. Na4 {[%clk
0:49:15]} Rb8 {[%clk 0:50:58]} 17. Rab1 {[%clk 0:42:29]} Bf6 {[%clk 0:46:31]}
18. Bxf6 {[%clk 0:39:57]} Nxf6 {[%clk 0:46:12]} 19. Nc3 {[%clk 0:39:47]} Qe7
{[%clk 0:44:32]} 20. Re2 {[%clk 0:38:33]} Kg7 {[%clk 0:40:08]} 21. Kh1 {[%clk
0:35:57]} h5 {[%clk 0:39:47]} 22. b3 {[%clk 0:34:58]} a5 {[%clk 0:29:08]} 23.
Rbe1 {[%clk 0:34:02]} Re8 {[%clk 0:29:30]} 24. a4 {[%clk 0:31:53]} Nd7 {[%clk
0:27:35]} 25. Nd1 {[%clk 0:28:02]} d5 {[%clk 0:24:26]} 26. Nf2 {[%clk 0:18:03]}
f6 {[%clk 0:19:23]} 27. Qg3 {[%clk 0:14:24]} Kh7 {[%clk 0:14:56]} 28. e5 {[%clk
0:11:48]} fxe5 {[%clk 0:13:48]} 29. fxe5 {[%clk 0:12:11]} Qg7 {[%clk 0:09:14]}
30. Nd3 {[%clk 0:11:42]} c5 {[%clk 0:08:14]} 31. Nf4 {[%clk 0:10:21]} Rxe5
{[%clk 0:06:58]} 32. Rxe5 {[%clk 0:10:49]} Rxe5 {[%clk 0:07:20]} 33. Rxe5
{[%clk 0:11:13]} Nxe5 {[%clk 0:07:43]} 34. Nxd5 {[%clk 0:10:51]} Ng4 {[%clk
0:04:59]} 35. Qc3 {[%clk 0:07:23]} Qxc3 {[%clk 0:03:00]} 36. Nxc3 {[%clk
0:07:49]} Ne3 {[%clk 0:03:25]} 37. Ne4 {[%clk 0:06:17]} Nxc2 {[%clk 0:03:32]}
38. Nxc5 {[%clk 0:06:40]} Nd4 {[%clk 0:03:34]} 39. Kg1 {[%clk 0:06:35]} Kg7
{[%clk 0:03:47]} 40. Kf2 {[%clk 0:06:14]} Kf6 {[%clk 0:04:12]} 41. Ke3 {[%clk
0:04:58]} Ke5 {[%clk 0:00:56]} 42. Nd3+ {[%clk 0:03:23]} Kd5 {[%clk 0:01:18]}
43. Nf4+ {[%clk 0:03:38]} Kc5 {[%clk 0:01:34]} 44. Nd3+ {[%clk 0:04:02]} Kd5
{[%clk 0:01:56]} 45. Nf4+ {[%clk 0:02:03]} Kc5 {[%clk 0:02:20]} 46. Nd3+ {[%clk
0:25:38]} 1/2-1/2

[Event "DEM U18w 2021"]
[Site "Willingen GER"]
[Date "2021.08.26"]
[Round "6"]
[White "Stowicek, Yara Mathilda"]
[Black "Garbuz, Nicole"]
[Result "0-1"]
[Termination "normal"]
[Board "5"]
[WhiteElo "1823"]
[BlackElo "1695"]
[WhiteClock "00:48:38"]
[BlackClock "00:11:23"]
[PlyCount "46"]
[WhiteFideId "16203569"]
[BlackFideId "12990701"]
[EventCountry "GER"]
[EventRounds "9"]
[EventType "swiss"]
[EventDate "2021.08.22"]

1. e4 {[%clk 1:30:57]} e5 {[%clk 1:30:57]} 2. Nf3 {[%clk 1:31:21]} Nc6 {[%clk
1:31:22]} 3. Bc4 {[%clk 1:31:33]} Nf6 {[%clk 1:31:43]} 4. d3 {[%clk 1:31:41]}
Bc5 {[%clk 1:31:50]} 5. c3 {[%clk 1:31:23]} a6 {[%clk 1:32:00]} 6. Bb3 {[%clk
1:31:32]} Ba7 {[%clk 1:32:14]} 7. O-O {[%clk 1:31:04]} d6 {[%clk 1:30:37]} 8.
Nbd2 {[%clk 1:30:45]} O-O {[%clk 1:30:15]} 9. Re1 {[%clk 1:30:47]} Ng4 {[%clk
1:29:29]} 10. Rf1 {[%clk 1:27:25]} Nh6 {[%clk 1:17:58]} 11. Nc4 {[%clk
1:21:28]} Qf6 {[%clk 1:01:09]} 12. h3 {[%clk 1:19:51]} Kh8 {[%clk 0:54:14]} 13.
Bg5 {[%clk 1:15:04]} Qg6 {[%clk 0:53:53]} 14. Qd2 {[%clk 1:14:17]} f6 {[%clk
0:52:52]} 15. Bxh6 {[%clk 1:08:54]} gxh6 {[%clk 0:52:40]} 16. Kh2 {[%clk
1:07:54]} f5 {[%clk 0:39:58]} 17. exf5 {[%clk 1:01:45]} Bxf5 {[%clk 0:40:06]}
18. Bc2 {[%clk 1:01:25]} Bxh3 {[%clk 0:35:58]} 19. Nh4 {[%clk 0:59:18]} Qe6
{[%clk 0:21:19]} 20. Ne3 {[%clk 0:56:55]} Rf4 {[%clk 0:16:02]} 21. g3 {[%clk
0:48:37]} Bxf1 {[%clk 0:11:28]} 22. gxf4 {[%clk 0:48:13]} Qh3+ {[%clk 0:11:48]}
23. Kg1 {[%clk 0:48:38]} Rg8+ {[%clk 0:11:23]} 0-1

[Event "DEM U18w 2021"]
[Site "Willingen GER"]
[Date "2021.08.26"]
[Round "6"]
[White "Peschel, Julia"]
[Black "Trams, Emma Joe"]
[Result "1-0"]
[Termination "normal"]
[Board "6"]
[WhiteElo "1410"]
[BlackElo "1466"]
[WhiteClock "00:18:38"]
[BlackClock "00:42:19"]
[PlyCount "53"]
[WhiteFideId "16255593"]
[BlackFideId "16206517"]
[EventCountry "GER"]
[EventRounds "9"]
[EventType "swiss"]
[EventDate "2021.08.22"]

1. e4 {[%clk 1:30:58]} e5 {[%clk 1:30:56]} 2. Nf3 {[%clk 1:31:15]} Nc6 {[%clk
1:31:20]} 3. Bc4 {[%clk 1:31:40]} h6 {[%clk 1:31:23]} 4. O-O {[%clk 1:29:49]}
Nf6 {[%clk 1:31:33]} 5. d4 {[%clk 1:29:15]} Qe7 {[%clk 1:28:50]} 6. Nc3 {[%clk
1:26:50]} d6 {[%clk 1:29:02]} 7. h3 {[%clk 0:59:47]} a6 {[%clk 1:26:33]} 8. Nd5
{[%clk 0:57:08]} Qd8 {[%clk 1:23:48]} 9. Re1 {[%clk 0:54:26]} Be7 {[%clk
1:19:51]} 10. c3 {[%clk 0:48:32]} O-O {[%clk 1:19:31]} 11. Bb3 {[%clk 0:48:46]}
b5 {[%clk 1:17:56]} 12. Be3 {[%clk 0:43:20]} Bb7 {[%clk 1:17:22]} 13. Qd3
{[%clk 0:41:32]} Re8 {[%clk 1:16:16]} 14. Rad1 {[%clk 0:41:25]} Bf8 {[%clk
1:14:12]} 15. Bc1 {[%clk 0:39:50]} Rc8 {[%clk 1:10:13]} 16. Bc2 {[%clk
0:37:36]} Ba8 {[%clk 1:08:33]} 17. Nh4 {[%clk 0:35:12]} g6 {[%clk 1:02:41]} 18.
Nf3 {[%clk 0:24:36]} Bg7 {[%clk 1:02:05]} 19. Nh2 {[%clk 0:23:08]} Nh5 {[%clk
1:00:15]} 20. Ng4 {[%clk 0:22:44]} Kh7 {[%clk 0:57:43]} 21. Qe3 {[%clk
0:22:25]} g5 {[%clk 0:56:40]} 22. Qf3 {[%clk 0:21:08]} f6 {[%clk 0:48:51]} 23.
Qf5+ {[%clk 0:18:18]} Kh8 {[%clk 0:45:54]} 24. Qg6 {[%clk 0:18:17]} Nf4 {[%clk
0:44:48]} 25. Bxf4 {[%clk 0:18:15]} gxf4 {[%clk 0:43:16]} 26. Nxh6 {[%clk
0:18:19]} Bxh6 {[%clk 0:42:19]} 27. Qxh6+ {[%clk 0:18:38]} 1-0

[Event "DEM U18w 2021"]
[Site "Willingen GER"]
[Date "2021.08.26"]
[Round "6"]
[White "Cheredzhiyska, Iva"]
[Black "Peglau, Dora"]
[Result "0-1"]
[Termination "normal"]
[Board "7"]
[WhiteElo "1571"]
[BlackElo "1906"]
[WhiteClock "00:28:01"]
[BlackClock "00:28:26"]
[PlyCount "106"]
[WhiteFideId "16241622"]
[BlackFideId "16220005"]
[EventCountry "GER"]
[EventRounds "9"]
[EventType "swiss"]
[EventDate "2021.08.22"]

1. e4 {[%clk 1:30:43]} c5 {[%clk 1:30:52]} 2. Nf3 {[%clk 1:30:58]} e6 {[%clk
1:31:04]} 3. d4 {[%clk 1:29:49]} cxd4 {[%clk 1:31:29]} 4. Nxd4 {[%clk 1:30:10]}
a6 {[%clk 1:31:53]} 5. Bd3 {[%clk 1:27:51]} b5 {[%clk 1:30:41]} 6. Be3 {[%clk
1:23:24]} Bb7 {[%clk 1:30:00]} 7. O-O {[%clk 1:22:52]} Nf6 {[%clk 1:29:47]} 8.
Nd2 {[%clk 1:22:37]} d6 {[%clk 1:29:02]} 9. c3 {[%clk 1:17:43]} Be7 {[%clk
1:26:00]} 10. a4 {[%clk 1:14:43]} bxa4 {[%clk 1:11:40]} 11. Qxa4+ {[%clk
1:13:17]} Qd7 {[%clk 1:11:40]} 12. Qd1 {[%clk 1:11:21]} O-O {[%clk 1:09:39]}
13. Qe2 {[%clk 1:09:01]} Qc7 {[%clk 1:02:50]} 14. f4 {[%clk 1:00:12]} Nbd7
{[%clk 0:59:29]} 15. N4b3 {[%clk 0:51:13]} Rfb8 {[%clk 0:55:53]} 16. Na5 {[%clk
0:48:41]} Nc5 {[%clk 0:51:57]} 17. Nxb7 {[%clk 0:44:20]} Rxb7 {[%clk 0:51:49]}
18. b4 {[%clk 0:38:58]} Nxd3 {[%clk 0:50:14]} 19. Qxd3 {[%clk 0:39:22]} Ng4
{[%clk 0:40:26]} 20. Nb3 {[%clk 0:34:55]} Nxe3 {[%clk 0:37:14]} 21. Qxe3 {[%clk
0:35:11]} Bf6 {[%clk 0:34:57]} 22. Rac1 {[%clk 0:32:54]} Rc8 {[%clk 0:32:58]}
23. Rf3 {[%clk 0:31:00]} Qb6 {[%clk 0:28:31]} 24. Qxb6 {[%clk 0:24:39]} Rxb6
{[%clk 0:27:19]} 25. Rd3 {[%clk 0:23:49]} Rbc6 {[%clk 0:21:26]} 26. Na5 {[%clk
0:24:01]} Rb6 {[%clk 0:21:47]} 27. Nb3 {[%clk 0:22:28]} Kf8 {[%clk 0:21:53]}
28. Kf1 {[%clk 0:22:16]} Ke7 {[%clk 0:19:12]} 29. Ke2 {[%clk 0:21:50]} Rbc6
{[%clk 0:17:14]} 30. Kd2 {[%clk 0:19:40]} e5 {[%clk 0:14:13]} 31. g3 {[%clk
0:20:01]} exf4 {[%clk 0:13:13]} 32. gxf4 {[%clk 0:20:24]} Rc4 {[%clk 0:13:28]}
33. Nd4 {[%clk 0:20:20]} Bxd4 {[%clk 0:07:08]} 34. Rxd4 {[%clk 0:20:45]} Rxd4+
{[%clk 0:05:21]} 35. cxd4 {[%clk 0:21:05]} Rxc1 {[%clk 0:05:43]} 36. Kxc1
{[%clk 0:21:29]} d5 {[%clk 0:04:18]} 37. e5 {[%clk 0:20:55]} Ke6 {[%clk
0:03:57]} 38. Kb2 {[%clk 0:18:45]} Kf5 {[%clk 0:02:45]} 39. Ka3 {[%clk
0:18:51]} Ke4 {[%clk 0:01:34]} 40. f5 {[%clk 0:18:03]} Kxf5 {[%clk 0:01:46]}
41. Ka4 {[%clk 0:15:01]} f6 {[%clk 0:28:31]} 42. exf6 {[%clk 0:39:30]} gxf6
{[%clk 0:28:34]} 43. Ka5 {[%clk 0:35:51]} Ke4 {[%clk 0:27:23]} 44. Kxa6 {[%clk
0:30:58]} f5 {[%clk 0:26:56]} 45. b5 {[%clk 0:31:20]} f4 {[%clk 0:27:19]} 46.
b6 {[%clk 0:31:47]} f3 {[%clk 0:27:26]} 47. b7 {[%clk 0:32:11]} f2 {[%clk
0:27:53]} 48. b8=Q {[%clk 0:31:57]} f1=Q+ {[%clk 0:28:15]} 49. Qb5 {[%clk
0:32:23]} Qxb5+ {[%clk 0:28:20]} 50. Kxb5 {[%clk 0:32:51]} Kxd4 {[%clk
0:28:39]} 51. Kb4 {[%clk 0:33:06]} Kd3 {[%clk 0:28:11]} 52. Kb3 {[%clk
0:30:27]} d4 {[%clk 0:28:16]} 53. Kb2 {[%clk 0:28:01]} Ke2 {[%clk 0:28:26]} 0-1

[Event "DEM U18w 2021"]
[Site "Willingen GER"]
[Date "2021.08.26"]
[Round "6"]
[White "Nizamova, Rita"]
[Black "Rudolph, Eva"]
[Result "1/2-1/2"]
[Termination "normal"]
[Board "8"]
[WhiteElo "1754"]
[BlackElo "1790"]
[WhiteClock "00:04:06"]
[BlackClock "00:00:57"]
[PlyCount "120"]
[WhiteFideId "16221940"]
[BlackFideId "16200594"]
[EventCountry "GER"]
[EventRounds "9"]
[EventType "swiss"]
[EventDate "2021.08.22"]

1. e4 {[%clk 1:30:58]} c5 {[%clk 1:30:53]} 2. d4 {[%clk 1:31:23]} cxd4 {[%clk
1:31:16]} 3. c3 {[%clk 1:31:50]} d3 {[%clk 1:31:29]} 4. Bxd3 {[%clk 1:32:15]}
Nc6 {[%clk 1:31:48]} 5. c4 {[%clk 1:31:55]} g6 {[%clk 1:31:34]} 6. Nc3 {[%clk
1:32:13]} Bg7 {[%clk 1:31:40]} 7. Nge2 {[%clk 1:31:38]} Nf6 {[%clk 1:30:55]} 8.
O-O {[%clk 1:31:41]} O-O {[%clk 1:30:46]} 9. f3 {[%clk 1:29:57]} d6 {[%clk
1:29:55]} 10. Be3 {[%clk 1:29:01]} Be6 {[%clk 1:27:45]} 11. Nf4 {[%clk
1:24:21]} Qd7 {[%clk 1:22:31]} 12. Qd2 {[%clk 1:20:30]} Ne5 {[%clk 1:19:18]}
13. b3 {[%clk 1:17:18]} Rfc8 {[%clk 1:09:25]} 14. Rac1 {[%clk 1:16:33]} Ne8
{[%clk 1:05:35]} 15. Nb5 {[%clk 1:08:48]} b6 {[%clk 0:58:56]} 16. Be2 {[%clk
1:05:00]} Nc7 {[%clk 0:57:55]} 17. Nc3 {[%clk 0:58:09]} Qe8 {[%clk 0:52:55]}
18. Ncd5 {[%clk 0:54:44]} Nxd5 {[%clk 0:45:39]} 19. cxd5 {[%clk 0:55:02]} Bd7
{[%clk 0:45:34]} 20. Ba6 {[%clk 0:55:21]} Bb5 {[%clk 0:34:51]} 21. Bxc8 {[%clk
0:54:30]} Bxf1 {[%clk 0:34:58]} 22. Bb7 {[%clk 0:52:39]} Rb8 {[%clk 0:34:55]}
23. Bc6 {[%clk 0:52:35]} Nxc6 {[%clk 0:34:46]} 24. dxc6 {[%clk 0:52:33]} Bb5
{[%clk 0:31:26]} 25. Qd5 {[%clk 0:51:24]} Ba6 {[%clk 0:28:35]} 26. b4 {[%clk
0:49:30]} Bc8 {[%clk 0:25:59]} 27. b5 {[%clk 0:45:24]} Bb2 {[%clk 0:22:22]} 28.
Rc2 {[%clk 0:34:07]} Ba3 {[%clk 0:20:10]} 29. Bc1 {[%clk 0:30:30]} Bc5+ {[%clk
0:18:50]} 30. Kf1 {[%clk 0:30:33]} e5 {[%clk 0:13:12]} 31. Nh3 {[%clk 0:17:45]}
Be6 {[%clk 0:10:43]} 32. Qd3 {[%clk 0:17:46]} f6 {[%clk 0:06:36]} 33. Nf2
{[%clk 0:17:39]} f5 {[%clk 0:05:09]} 34. Bg5 {[%clk 0:13:21]} Kg7 {[%clk
0:03:04]} 35. Qd2 {[%clk 0:10:11]} Qf7 {[%clk 0:03:08]} 36. exf5 {[%clk
0:01:08]} Bxf5 {[%clk 0:02:21]} 37. Rc1 {[%clk 0:00:40]} Rc8 {[%clk 0:01:52]}
38. a4 {[%clk 0:00:38]} Ba3 {[%clk 0:01:35]} 39. Ra1 Qc4+ {[%clk 0:01:26]} 40.
Kg1 {[%clk 0:01:05]} Bb4 {[%clk 0:00:58]} 41. Bh6+ {[%clk 0:30:12]} Kf7 {[%clk
0:25:46]} 42. Qa2 {[%clk 0:25:22]} Qxa2 {[%clk 0:24:05]} 43. Rxa2 {[%clk
0:25:47]} d5 {[%clk 0:24:05]} 44. g4 {[%clk 0:25:52]} Be6 {[%clk 0:22:40]} 45.
Nd3 {[%clk 0:25:44]} Bd6 {[%clk 0:18:14]} 46. Re2 {[%clk 0:22:41]} Kf6 {[%clk
0:17:16]} 47. Bd2 {[%clk 0:19:56]} d4 {[%clk 0:15:29]} 48. Nf2 {[%clk 0:16:37]}
Bc4 {[%clk 0:12:05]} 49. Ne4+ {[%clk 0:16:37]} Ke6 {[%clk 0:11:00]} 50. Re1
{[%clk 0:15:39]} a6 {[%clk 0:08:07]} 51. Rb1 {[%clk 0:08:51]} axb5 {[%clk
0:08:27]} 52. axb5 {[%clk 0:09:18]} Ra8 {[%clk 0:08:14]} 53. Ng5+ {[%clk
0:08:47]} Kd5 {[%clk 0:03:59]} 54. Nxh7 {[%clk 0:08:43]} Be7 {[%clk 0:03:54]}
55. Ng5 {[%clk 0:07:41]} Bxg5 {[%clk 0:00:53]} 56. Bxg5 {[%clk 0:08:09]} Kd6
{[%clk 0:00:59]} 57. Rb4 {[%clk 0:07:52]} Be2 {[%clk 0:01:05]} 58. Kf2 {[%clk
0:07:12]} Ra2 {[%clk 0:01:21]} 59. Ke1 {[%clk 0:04:17]} Bd3 {[%clk 0:01:14]}
60. Bd8 {[%clk 0:04:06]} Ra5 {[%clk 0:00:57]} 1/2-1/2

[Event "DEM U18w 2021"]
[Site "Willingen GER"]
[Date "2021.08.26"]
[Round "6"]
[White "Jacoby, Angelina"]
[Black "Schilay, Maria"]
[Result "0-1"]
[Termination "normal"]
[Board "9"]
[WhiteElo "1594"]
[BlackElo "1481"]
[WhiteClock "00:17:28"]
[BlackClock "00:35:03"]
[PlyCount "28"]
[WhiteFideId "12999008"]
[BlackFideId "12942979"]
[EventCountry "GER"]
[EventRounds "9"]
[EventType "swiss"]
[EventDate "2021.08.22"]

1. d4 {[%clk 1:30:45]} d5 {[%clk 1:30:45]} 2. Bf4 {[%clk 1:31:06]} Bf5 {[%clk
1:30:39]} 3. e3 {[%clk 1:30:04]} e6 {[%clk 1:30:14]} 4. Nf3 {[%clk 1:24:38]}
Bd6 {[%clk 1:29:26]} 5. Bg3 {[%clk 1:19:18]} Nf6 {[%clk 1:28:23]} 6. Bd3 {[%clk
1:16:09]} Bg6 {[%clk 1:27:19]} 7. Qe2 {[%clk 1:11:55]} Qe7 {[%clk 1:21:30]} 8.
Nbd2 {[%clk 1:09:01]} Nbd7 {[%clk 1:17:49]} 9. c3 {[%clk 0:57:33]} e5 {[%clk
1:08:10]} 10. e4 {[%clk 0:42:43]} exd4 {[%clk 0:54:49]} 11. Nxd4 {[%clk
0:20:44]} Bxg3 {[%clk 0:51:02]} 12. hxg3 {[%clk 0:19:41]} dxe4 {[%clk 0:49:25]}
13. Bc2 {[%clk 0:19:13]} c5 {[%clk 0:43:20]} 14. N4b3 {[%clk 0:17:28]} e3
{[%clk 0:35:03]} 0-1

[Event "DEM U18w 2021"]
[Site "Willingen GER"]
[Date "2021.08.26"]
[Round "6"]
[White "Falke, Ornella"]
[Black "Fock, Amina"]
[Result "1/2-1/2"]
[Termination "normal"]
[Board "10"]
[WhiteElo "1674"]
[BlackElo "1828"]
[WhiteClock "00:33:44"]
[BlackClock "00:14:32"]
[PlyCount "100"]
[WhiteFideId "16207092"]
[BlackFideId "12981982"]
[EventCountry "GER"]
[EventRounds "9"]
[EventType "swiss"]
[EventDate "2021.08.22"]

1. e4 {[%clk 1:30:57]} c5 {[%clk 1:30:55]} 2. Nf3 {[%clk 1:31:21]} d6 {[%clk
1:31:19]} 3. d4 {[%clk 1:31:46]} cxd4 {[%clk 1:31:43]} 4. Qxd4 {[%clk 1:32:05]}
Nc6 {[%clk 1:31:00]} 5. Qe3 {[%clk 1:32:27]} g6 {[%clk 1:30:23]} 6. Be2 {[%clk
1:32:17]} Bg7 {[%clk 1:29:56]} 7. O-O {[%clk 1:32:03]} Nf6 {[%clk 1:29:02]} 8.
h3 {[%clk 1:31:41]} O-O {[%clk 1:28:37]} 9. Rd1 {[%clk 1:20:33]} Nd7 {[%clk
1:24:50]} 10. c4 {[%clk 1:16:01]} b6 {[%clk 1:19:13]} 11. Nc3 {[%clk 1:16:04]}
a6 {[%clk 1:14:47]} 12. b3 {[%clk 1:11:31]} Bb7 {[%clk 1:12:31]} 13. Bd2 {[%clk
1:11:33]} e6 {[%clk 1:08:59]} 14. Rac1 {[%clk 1:11:06]} Ne7 {[%clk 1:06:46]}
15. Be1 {[%clk 1:06:33]} Nf6 {[%clk 0:51:05]} 16. Rc2 {[%clk 1:00:28]} Qc7
{[%clk 0:48:09]} 17. Rcd2 {[%clk 0:57:32]} d5 {[%clk 0:44:41]} 18. exd5 {[%clk
0:54:17]} exd5 {[%clk 0:44:48]} 19. cxd5 {[%clk 0:51:13]} Nexd5 {[%clk
0:41:21]} 20. Nxd5 {[%clk 0:51:22]} Nxd5 {[%clk 0:41:33]} 21. Rxd5 {[%clk
0:50:25]} Bxd5 {[%clk 0:40:19]} 22. Rxd5 {[%clk 0:50:50]} Rfe8 {[%clk 0:36:35]}
23. Qd3 {[%clk 0:50:21]} b5 {[%clk 0:33:51]} 24. Rd7 {[%clk 0:45:43]} Qc6
{[%clk 0:26:07]} 25. Kf1 {[%clk 0:45:36]} Rac8 {[%clk 0:24:57]} 26. Qd5 {[%clk
0:44:47]} Qxd5 {[%clk 0:22:09]} 27. Rxd5 {[%clk 0:45:12]} Rc2 {[%clk 0:22:13]}
28. Rd2 {[%clk 0:43:28]} Rc1 {[%clk 0:18:08]} 29. Rd1 {[%clk 0:33:29]} Rc2
{[%clk 0:17:46]} 30. Bd2 {[%clk 0:31:41]} Rxa2 {[%clk 0:15:41]} 31. Ne1 {[%clk
0:24:43]} Rb2 {[%clk 0:14:40]} 32. b4 {[%clk 0:24:45]} Rd8 {[%clk 0:11:05]} 33.
Nd3 {[%clk 0:24:08]} Rc2 {[%clk 0:09:42]} 34. Be3 {[%clk 0:22:53]} Bc3 {[%clk
0:07:15]} 35. Rc1 {[%clk 0:20:05]} Rxc1+ {[%clk 0:07:22]} 36. Bxc1 {[%clk
0:20:30]} a5 {[%clk 0:05:52]} 37. bxa5 {[%clk 0:20:49]} Bxa5 {[%clk 0:06:16]}
38. Nc5 {[%clk 0:19:55]} Rc8 {[%clk 0:05:33]} 39. Nb3 {[%clk 0:20:15]} Bd8
{[%clk 0:03:15]} 40. Ke1 {[%clk 0:12:58]} Ba5+ {[%clk 0:02:11]} 41. Bd2 {[%clk
0:11:02]} Bxd2+ {[%clk 0:02:22]} 42. Kxd2 {[%clk 0:11:13]} b4 {[%clk 0:29:54]}
43. Bd1 {[%clk 0:39:53]} Kg7 {[%clk 0:27:30]} 44. Bc2 {[%clk 0:40:15]} f5
{[%clk 0:26:53]} 45. Kc1 {[%clk 0:38:45]} Kf6 {[%clk 0:26:17]} 46. Kb2 {[%clk
0:38:41]} g5 {[%clk 0:24:07]} 47. Nd4 {[%clk 0:38:45]} Rd8 {[%clk 0:21:20]} 48.
Nxf5 {[%clk 0:39:02]} Rd2 {[%clk 0:20:57]} 49. Ne3 {[%clk 0:35:43]} h5 {[%clk
0:17:52]} 50. Nd1 {[%clk 0:33:44]} Ke5 {[%clk 0:14:32]} 1/2-1/2

[Event "DEM U18w 2021"]
[Site "Willingen GER"]
[Date "2021.08.26"]
[Round "6"]
[White "Biermann, Sophie"]
[Black "Zell, Hannah"]
[Result "1/2-1/2"]
[Termination "normal"]
[Board "11"]
[WhiteElo "1652"]
[BlackElo "1614"]
[WhiteClock "00:19:42"]
[BlackClock "00:01:05"]
[PlyCount "77"]
[WhiteFideId "16208960"]
[BlackFideId "16208900"]
[EventCountry "GER"]
[EventRounds "9"]
[EventType "swiss"]
[EventDate "2021.08.22"]

1. e4 {[%clk 1:30:53]} e5 {[%clk 1:30:38]} 2. Nf3 {[%clk 1:31:18]} Nc6 {[%clk
1:31:02]} 3. Bb5 {[%clk 1:31:43]} a6 {[%clk 1:30:46]} 4. Ba4 {[%clk 1:32:03]}
Bc5 {[%clk 1:29:16]} 5. O-O {[%clk 1:29:54]} b5 {[%clk 1:27:41]} 6. Bb3 {[%clk
1:30:05]} Nf6 {[%clk 1:25:31]} 7. Nxe5 {[%clk 1:28:36]} Nxe5 {[%clk 1:22:17]}
8. d4 {[%clk 1:28:44]} Bxd4 {[%clk 1:20:37]} 9. Qxd4 {[%clk 1:28:33]} d6 {[%clk
1:17:09]} 10. Qd1 {[%clk 1:11:46]} h6 {[%clk 1:02:25]} 11. Nc3 {[%clk 1:08:24]}
Bb7 {[%clk 0:55:11]} 12. f4 {[%clk 1:04:14]} Nc6 {[%clk 0:44:17]} 13. Re1
{[%clk 0:46:48]} Qd7 {[%clk 0:33:13]} 14. e5 {[%clk 0:43:15]} dxe5 {[%clk
0:31:40]} 15. fxe5 {[%clk 0:38:59]} Qxd1 {[%clk 0:28:52]} 16. Nxd1 Nd7 {[%clk
0:25:21]} 17. e6 {[%clk 0:36:43]} fxe6 {[%clk 0:25:49]} 18. Rxe6+ {[%clk
0:36:00]} Kf8 {[%clk 0:25:17]} 19. Bd5 {[%clk 0:34:27]} Nd8 {[%clk 0:21:33]}
20. Bxb7 {[%clk 0:31:49]} Nxb7 {[%clk 0:22:01]} 21. Rc6 {[%clk 0:30:51]} Na5
{[%clk 0:04:25]} 22. Bf4 {[%clk 0:25:52]} Nxc6 {[%clk 0:04:13]} 23. Bxc7 {[%clk
0:25:58]} Nf6 {[%clk 0:02:58]} 24. Ne3 {[%clk 0:25:15]} Rc8 {[%clk 0:01:10]}
25. Bd6+ {[%clk 0:25:25]} Kf7 {[%clk 0:01:25]} 26. Rf1 {[%clk 0:25:13]} Rcd8
{[%clk 0:01:00]} 27. Bc7 {[%clk 0:23:26]} Rd7 {[%clk 0:01:09]} 28. Bb6 {[%clk
0:23:32]} Re8 {[%clk 0:01:08]} 29. g4 {[%clk 0:23:28]} Kg8 {[%clk 0:01:13]} 30.
Nf5 {[%clk 0:23:27]} Ne5 {[%clk 0:00:59]} 31. h3 {[%clk 0:22:46]} Nc4 {[%clk
0:00:49]} 32. Bd4 {[%clk 0:22:36]} Nd6 {[%clk 0:00:46]} 33. Nxh6+ {[%clk
0:21:30]} gxh6 {[%clk 0:00:41]} 34. Rxf6 {[%clk 0:21:56]} Nf7 {[%clk 0:00:41]}
35. Rg6+ {[%clk 0:22:04]} Kf8 {[%clk 0:00:55]} 36. Bc5+ {[%clk 0:21:36]} Ree7
{[%clk 0:00:33]} 37. Re6 {[%clk 0:20:17]} Ke8 {[%clk 0:00:36]} 38. Bxe7 {[%clk
0:19:42]} Rxe7 {[%clk 0:01:05]} 39. Rxa6 1/2-1/2

[Event "DEM U18w 2021"]
[Site "Willingen GER"]
[Date "2021.08.27"]
[Round "7"]
[White "Müdder, Melanie"]
[Black "Peglau, Sarah"]
[Result "1-0"]
[Termination "normal"]
[Board "1"]
[WhiteElo "1959"]
[BlackElo "1888"]
[WhiteClock "00:06:38"]
[BlackClock "00:01:40"]
[PlyCount "79"]
[WhiteFideId "12994103"]
[BlackFideId "16219961"]
[EventCountry "GER"]
[EventRounds "9"]
[EventType "swiss"]
[EventDate "2021.08.22"]

1. e4 {[%clk 1:30:58]} c6 {[%clk 1:30:57]} 2. Nf3 {[%clk 1:31:12]} d5 {[%clk
1:31:20]} 3. Nc3 {[%clk 1:31:19]} dxe4 {[%clk 1:31:25]} 4. Nxe4 {[%clk
1:31:37]} Nf6 {[%clk 1:31:31]} 5. Qe2 {[%clk 1:31:43]} Nxe4 {[%clk 1:31:39]} 6.
Qxe4 {[%clk 1:32:04]} Nd7 {[%clk 1:31:36]} 7. Bc4 {[%clk 1:31:49]} Nf6 {[%clk
1:31:55]} 8. Ne5 {[%clk 1:31:57]} e6 {[%clk 1:31:28]} 9. Qe2 {[%clk 1:32:06]}
b5 {[%clk 1:28:21]} 10. Bd3 {[%clk 1:32:27]} Bb7 {[%clk 1:28:14]} 11. a4 {[%clk
1:25:36]} a6 {[%clk 1:28:04]} 12. O-O {[%clk 1:20:04]} Qc7 {[%clk 1:25:36]} 13.
b3 {[%clk 1:14:25]} g6 {[%clk 1:25:08]} 14. Re1 {[%clk 1:05:23]} Bg7 {[%clk
1:19:59]} 15. axb5 {[%clk 0:51:08]} cxb5 {[%clk 1:15:50]} 16. Ba3 {[%clk
0:46:18]} Nd5 {[%clk 1:11:47]} 17. Bxb5+ {[%clk 0:35:31]} axb5 {[%clk 0:48:50]}
18. Qxb5+ {[%clk 0:35:41]} Bc6 {[%clk 0:48:03]} 19. Nxc6 {[%clk 0:30:33]} Bxa1
{[%clk 0:43:56]} 20. Ne5+ {[%clk 0:25:37]} Kd8 {[%clk 0:43:49]} 21. Bd6 {[%clk
0:24:43]} Bxe5 {[%clk 0:37:37]} 22. Bxc7+ {[%clk 0:24:57]} Bxc7 {[%clk
0:37:47]} 23. c4 {[%clk 0:21:44]} Ra5 {[%clk 0:35:30]} 24. Qb7 {[%clk 0:19:44]}
Ne7 {[%clk 0:27:18]} 25. b4 {[%clk 0:17:10]} Ra2 {[%clk 0:24:34]} 26. d4 {[%clk
0:14:57]} Rc2 {[%clk 0:17:48]} 27. Qb5 {[%clk 0:12:14]} Rd2 {[%clk 0:16:06]}
28. Qg5 {[%clk 0:09:36]} Rc2 {[%clk 0:14:37]} 29. d5 {[%clk 0:07:52]} Rxc4
{[%clk 0:06:04]} 30. dxe6 {[%clk 0:07:51]} fxe6 {[%clk 0:05:57]} 31. Qf6 {[%clk
0:07:48]} Re8 {[%clk 0:02:18]} 32. Rd1+ {[%clk 0:08:03]} Bd6 {[%clk 0:02:11]}
33. Qxe6 {[%clk 0:06:31]} Rc6 {[%clk 0:00:38]} 34. b5 {[%clk 0:05:57]} Rb6 35.
Rxd6+ {[%clk 0:05:47]} Rxd6 {[%clk 0:01:01]} 36. Qxd6+ {[%clk 0:06:01]} Kc8
{[%clk 0:01:26]} 37. b6 {[%clk 0:06:04]} Nd5 {[%clk 0:01:23]} 38. Qc6+ {[%clk
0:06:19]} Kd8 {[%clk 0:01:12]} 39. Qxd5+ {[%clk 0:06:24]} Kc8 {[%clk 0:01:40]}
40. Qc6+ {[%clk 0:06:38]} 1-0